Prechádzky jarom ; (Record no. 21386)
[ view plain ]
| 000 -LEADER | |
|---|---|
| fixed length control field | 02095cam a2200565 a 4500 |
| 001 - CONTROL NUMBER | |
| control field | 21386 |
| 003 - CONTROL NUMBER IDENTIFIER | |
| control field | VRT |
| 005 - DATE AND TIME OF LATEST TRANSACTION | |
| control field | 20260228122221.0 |
| 008 - FIXED-LENGTH DATA ELEMENTS--GENERAL INFORMATION | |
| fixed length control field | 230403s1954 xo g 000 p slo |
| 015 ## - NATIONAL BIBLIOGRAPHY NUMBER | |
| National bibliography number | SNBA19451955-004164 |
| 020 ## - INTERNATIONAL STANDARD BOOK NUMBER | |
| Qualifying information | (viazané) |
| 035 ## - SYSTEM CONTROL NUMBER | |
| System control number | SK01SNKBKSFS20010067313 |
| 035 ## - SYSTEM CONTROL NUMBER | |
| System control number | urn:nbn:sk:snk-am3idsx |
| 035 ## - SYSTEM CONTROL NUMBER | |
| System control number | urn:nbn:sk:snk-am00e690 |
| 035 ## - SYSTEM CONTROL NUMBER | |
| System control number | 99A6B3DB-5436-4FD3-8A31-B3976C369958 |
| 035 ## - SYSTEM CONTROL NUMBER | |
| System control number | SKM000069776 |
| 039 #9 - LEVEL OF BIBLIOGRAPHIC CONTROL AND CODING DETAIL [OBSOLETE] | |
| Level of rules in bibliographic description | 202304032045 |
| Level of effort used to assign nonsubject heading access points | VLOAD |
| Level of effort used to assign subject headings | 202212050954 |
| Level of effort used to assign classification | VLOAD |
| Level of effort used to assign subject headings | 202205110904 |
| Level of effort used to assign classification | VLOAD |
| Level of effort used to assign subject headings | 202106241114 |
| Level of effort used to assign classification | VLOAD |
| 040 ## - CATALOGING SOURCE | |
| Original cataloging agency | SNK |
| Language of cataloging | slo |
| Transcribing agency | SNK |
| Description conventions | AACR2 |
| 041 0# - LANGUAGE CODE | |
| Language code of text/sound track or separate title | slo |
| 044 ## - COUNTRY OF PUBLISHING/PRODUCING ENTITY CODE | |
| MARC country code | xo |
| ISO country code | SK |
| 072 #7 - SUBJECT CATEGORY CODE | |
| Subject category code | 821.162.4-1 |
| Subject category code subdivision | Slovenská poézia |
| Source | konspekt |
| 080 ## - UNIVERSAL DECIMAL CLASSIFICATION NUMBER | |
| Universal Decimal Classification number | 885.4 |
| Edition identifier | 1981 |
| 080 ## - UNIVERSAL DECIMAL CLASSIFICATION NUMBER | |
| Universal Decimal Classification number | 821.162.4-1 |
| Edition identifier | 2011 |
| 080 ## - UNIVERSAL DECIMAL CLASSIFICATION NUMBER | |
| Universal Decimal Classification number | 821.162.4 |
| Edition identifier | 2011 |
| 100 1# - MAIN ENTRY--PERSONAL NAME | |
| Personal name | Hviezdoslav, Pavol Országh, |
| Dates associated with a name | 1849-1921 |
| Relationship | aut |
| 245 10 - TITLE STATEMENT | |
| Title | Prechádzky jarom ; |
| Remainder of title | Prechádzky letom |
| Statement of responsibility, etc. | Hviezdoslav ; [edične pripravil a poznámkami i vysvetlivkami doplnil Andrej Kostolný] |
| 250 ## - EDITION STATEMENT | |
| Edition statement | 1. vydanie |
| 260 ## - PUBLICATION, DISTRIBUTION, ETC. | |
| Place of publication, distribution, etc. | Bratislava |
| Name of publisher, distributor, etc. | Slovenské vydavateľstvo krásnej literatúry |
| Date of publication, distribution, etc. | 1954 |
| 300 ## - PHYSICAL DESCRIPTION | |
| Extent | 248 strán |
| Dimensions | 21 cm |
| 366 ## - TRADE AVAILABILITY INFORMATION | |
| Note | 5000 kusov |
| 490 1# - SERIES STATEMENT | |
| Series statement | Naši klasici |
| Volume/sequential designation | zväzok 10 |
| 490 1# - SERIES STATEMENT | |
| Series statement | Spisy P. O. Hviezdoslava v 12 zväzkoch |
| Volume/sequential designation | zväzok 7 |
| 500 ## - GENERAL NOTE | |
| General note | Obsahuje poznámky k textovej úprave |
| 500 ## - GENERAL NOTE | |
| General note | Obsahuje 2 diela |
| 504 ## - BIBLIOGRAPHY, ETC. NOTE | |
| Bibliography, etc. note | Obsahuje bibliografické poznámky a vysvetlivky na strane 223-232 |
| 650 07 - SUBJECT ADDED ENTRY--TOPICAL TERM | |
| Topical term or geographic name entry element | slovenská literatúra |
| Source of heading or term | SNKPH |
| 655 #7 - INDEX TERM--GENRE/FORM | |
| Genre/form data or focus term | slovenská poézia |
| Source of term | SNKPH |
| 700 1# - ADDED ENTRY--PERSONAL NAME | |
| Personal name | Kostolný, Andrej, |
| Dates associated with a name | 1903-1984 |
| Relationship | edt |
| 740 02 - ADDED ENTRY--UNCONTROLLED RELATED/ANALYTICAL TITLE | |
| Uncontrolled related/analytical title | Prechádzky letom |
| 830 #0 - SERIES ADDED ENTRY--UNIFORM TITLE | |
| Uniform title | Naši klasici |
| 830 #0 - SERIES ADDED ENTRY--UNIFORM TITLE | |
| Uniform title | Spisy P. O. Hviezdoslava v dvanástich zväzkoch |
| 910 ## - USER-OPTION DATA (OCLC) | |
| User-option data | snk |
| 942 ## - ADDED ENTRY ELEMENTS (KOHA) | |
| Source of classification or shelving scheme | Dewey Decimal Classification |
| Koha item type | Krásna literatúra pre dospelých |
| Suppress in OPAC | No |
| 949 ## - LOCAL PROCESSING INFORMATION (OCLC) | |
| 6 | 17A0057064 |
| a | snkSC 4640/7 D1 |
| b | snkI. 1240/55 |
| 949 ## - LOCAL PROCESSING INFORMATION (OCLC) | |
| 6 | 2889023422 |
| a | savukB 47849/7 |
| o | Pv 500/55 |
| 949 ## - LOCAL PROCESSING INFORMATION (OCLC) | |
| 6 | 3830001009787 |
| a | kurukT18/HVIE1-11 |
| 949 ## - LOCAL PROCESSING INFORMATION (OCLC) | |
| 6 | 17A0767787 |
| a | snkSC 4640/7 |
| b | snk174/55 |
| o | I. 1239/55 - 2. ev. č. |
| s | 6100:20190201 |
| 949 ## - LOCAL PROCESSING INFORMATION (OCLC) | |
| 6 | 273K0406788 |
| a | svkpoB 8690/VII |
| b | svkpo52436 |
No items available.
